000 00300nam a22001337a 4500
008 170627b xxu||||| |||| 00| 0 eng d
020 _a9780394740188
041 _aeng
080 _a82
100 _a21
101 _aGJL
245 _aAMERICAN INDIAN MYTHS AND LEGENDS
_cERDOES,R
942 _2udc
_cBK
999 _c19258
_d19258